00968caa a22002415a 4500001001000000003000400010005001700014008004100031020001500072040002600087082002500113110004600138245020500184260006300389300002100452490003600473650003900509651001000548653002300558942000800581999001700589952012000606006449904OSt20171220110003.0981027s1995 sz fr o000 0 eng d a9280503561 aUkcUkbengdEG-ScBUE04222a341.7586026bPAT2 aWorld Intellectual Property Organization.00aPatent Cooperation Treaty (PCT) :bdone at Washington on June 19, 1970, amended on September 28, 1979, and modified on February 3, 1984 and Regulations under the PCT (as in force from January 1, 1994) aGeneva :bWorld Intellectual Property Organization,c1995. a178 p. ;c18 cm.0 aWIPO Publication ;vno. 274 (E) 72BUEshaPatents (International law) 2BUEsh bGGENcDecember2017 2ddc c25750d25722 00102ddc4070aMAINbMAINc1STd2017-12-20l1m3o341.7586026 PATp000046947r2025-07-15 00:00:00s2019-10-21yBB